[Event "HUN-chT4 2223"]
[Site "Gyor"]
[Date "2022.10.09"]
[Round "1"]
[White "Pesti, Mate"]
[Black "Vamosi, Jozsef"]
[Result "1-0"]
[WhiteElo "1974"]
[BlackElo "1830"]
[PlyCount "69"]
[EventDate "2022.10.09"]
[EventType "team-tourn"]
[EventRounds "7"]
[EventCountry "HUN"]
[SourceTitle "EXT 2024"]
[Source "ChessBase"]
[SourceDate "2023.10.10"]
[SourceVersion "1"]
[SourceVersionDate "2023.10.10"]
[SourceQuality "1"]
[WhiteTeam "Gyor Bastya"]
[BlackTeam "Level KSE"]
[WhiteTeamCountry "HUN"]
[BlackTeamCountry "HUN"]

1. e4 e5 2. Nf3 Nc6 3. Bb5 a6 4. Ba4 b5 5. Bb3 Be7 6. 0-0 d6 7. h3 Nf6 8. Re1 0-0 9. c3 Bb7 10. d4 Rc8 11. Nbd2 h6 12. a4 Ra8 13. Qe2 b4 14. a5 bxc3 15. bxc3 Qb8 16. Nf1 Qd8 17. Ng3 Rb8 18. Bc4 exd4 19. cxd4 Nb4 20. d5 Nd7 21. Ra4 c5 22. Nf5 Ne5 23. Nxe5 dxe5 24. Ba3 Bc8 25. Nxe7+ Qxe7 26. Bxb4 Rxb4 27. Rxb4 cxb4 28. Bxa6 Qc5 29. Qc4 Qxc4 30. Bxc4 Bd7 31. a6 Rb8 32. Ra1 Bc8 33. a7 Ra8 34. Bb5 Bb7 35. Bc6 1-0

[Event "HUN-chT4 Chalupetzky 1718"]
[Site "Hungary"]
[Date "2018.01.21"]
[Round "5.3"]
[White "Balogh, Peter2222"]
[Black "Vamosi, Jozsef"]
[Result "1-0"]
[WhiteElo "2067"]
[BlackElo "1874"]
[PlyCount "87"]
[EventDate "2017.10.15"]
[EventType "team-tourn"]
[EventRounds "7"]
[EventCountry "HUN"]
[SourceTitle "EXT 2019"]
[Source "ChessBase"]
[SourceDate "2018.10.10"]
[SourceVersion "1"]
[SourceVersionDate "2018.10.10"]
[SourceQuality "1"]
[WhiteTeam "Gyor Szechenyi"]
[BlackTeam "KSE Level"]
[WhiteTeamCountry "HUN"]
[BlackTeamCountry "HUN"]

1. e4 e5 2. Nf3 Nc6 3. Bc4 Bc5 4. c3 d6 5. d4 exd4 6. cxd4 Bb6 7. h3 h6 8. 0-0 Nf6 9. Nc3 0-0 10. d5 Ne5 11. Nxe5 dxe5 12. Qf3 Bd7 13. Qg3 Nh5 14. Qxe5 Qh4 15. Be3 Rfe8 16. Qh2 Ba5 17. f3 Ng3 18. Rfd1 Bxc3 19. bxc3 Nxe4 20. fxe4 Qxe4 21. Bd4 c5 22. dxc6 Bxc6 23. Rf1 Re7 24. Qg3 Qh7 25. Rae1 Rxe1 26. Bxf7+ Kh8 27. Rxe1 Rf8 28. Qg6 Rd8 29. Qxh7+ Kxh7 30. Re7 a6 31. Bb3 Rd7 32. Rxd7 Bxd7 33. Bb6 Bc6 34. Bd1 Kg6 35. Kf2 Kf5 36. Bf3 Bxf3 37. Kxf3 g6 38. g4+ Ke5 39. Bd4+ Ke6 40. h4 b5 41. Kf4 a5 42. Bg7 h5 43. gxh5 gxh5 44. Kg5 1-0

[Event "HUN-chT4 1617"]
[Site "Hungary"]
[Date "2017.01.15"]
[Round "4.4"]
[White "Vamosi, Jozsef"]
[Black "Pesti, Mate"]
[Result "1/2-1/2"]
[WhiteElo "1904"]
[BlackElo "1759"]
[PlyCount "88"]
[EventDate "2016.10.02"]
[EventType "team-tourn"]
[EventRounds "7"]
[EventCountry "HUN"]
[SourceTitle "EXT 2019"]
[Source "ChessBase"]
[SourceDate "2018.10.10"]
[SourceVersion "1"]
[SourceVersionDate "2018.10.10"]
[SourceQuality "1"]

1. e4 c5 2. Nf3 Nc6 3. d4 cxd4 4. Nxd4 g6 5. Bc4 Bg7 6. c3 d6 7. Nxc6 bxc6 8. Qb3 e6 9. 0-0 Ne7 10. Bg5 0-0 11. Nd2 Qc7 12. Nf3 Rb8 13. Qc2 d5 14. Bb3 Bb7 15. Rad1 Rfd8 16. exd5 cxd5 17. Rfe1 Rd7 18. Qd2 Rc8 19. Bf4 Qb6 20. Ne5 Rdd8 21. Be3 Qa5 22. Ng4 Qc7 23. Bg5 Qc5 24. Nf6+ Kh8 25. Qf4 Ng8 26. Re3 Nxf6 27. Bxf6 Bxf6 28. Qxf6+ Kg8 29. h4 Qf8 30. h5 Rd7 31. hxg6 hxg6 32. Rh3 Qg7 33. Qh4 Bc6 34. Rd4 Rcd8 35. Rb4 d4 36. cxd4 Rxd4 37. Qe7 Qf8 38. Qf6 Qg7 39. Qe7 Qf8 40. Qxf8+ Kxf8 41. Rh8+ Ke7 42. Rxd8 Rxd8 43. Rc4 Rc8 44. Rd4 Rd8 1/2-1/2

[Event "HUN-chT4 1617"]
[Site "Hungary"]
[Date "2016.11.06"]
[Round "2.3"]
[White "Vamosi, Jozsef"]
[Black "Posfai, Zoltan"]
[Result "0-1"]
[WhiteElo "1910"]
[BlackElo "1741"]
[PlyCount "120"]
[EventDate "2016.10.02"]
[EventType "team-tourn"]
[EventRounds "7"]
[EventCountry "HUN"]
[SourceTitle "EXT 2019"]
[Source "ChessBase"]
[SourceDate "2018.10.10"]
[SourceVersion "1"]
[SourceVersionDate "2018.10.10"]
[SourceQuality "1"]

1. e4 e5 2. Nf3 Nc6 3. Bc4 Nf6 4. Nc3 Nxe4 5. Nxe4 d5 6. Bxd5 Qxd5 7. d3 Bg4 8. h3 Bh5 9. Be3 Be7 10. Qe2 f5 11. Nc3 Bb4 12. Bd2 Bxc3 13. Bxc3 Bxf3 14. gxf3 0-0-0 15. Rg1 Nd4 16. Bxd4 exd4 17. Rxg7 Rhe8 18. Re7 Rxe7 19. Qxe7 Qxf3 20. Rd1 Qxh3 21. Kd2 Qh6+ 22. Ke1 Qg6 23. Qh4 Qe6+ 24. Kd2 Qxa2 25. Qxh7 Qxb2 26. Qxf5+ Kb8 27. Qc5 b6 28. Qc4 Rf8 29. Rf1 a5 30. Qb3 Qxb3 31. cxb3 Rf4 32. Kc2 Kb7 33. Kb2 Rf3 34. Kc2 b5 35. Kd2 c5 36. Ke2 Rf4 37. Rc1 Kb6 38. Ra1 Rf5 39. Ra2 Rh5 40. Ra1 Rh7 41. f4 Ra7 42. Rg1 a4 43. Rg6+ Ka5 44. bxa4 bxa4 45. Rg1 a3 46. Kd2 Rf7 47. Kc2 Ka4 48. Rf1 Rf5 49. Rf3 Rh5 50. Rf1 Rh2+ 51. Kb1 Kb3 52. f5 Rh7 53. f6 Rf7 54. Rf5 c4 55. dxc4 Kxc4 56. Ka2 d3 57. Kxa3 d2 58. Rf1 Kc3 59. Rf3+ Kc2 60. Rf2 Kc1 0-1

[Event "HUN-chT4 1617"]
[Site "Hungary"]
[Date "2016.10.02"]
[Round "1.3"]
[White "Vamosi, Jozsef"]
[Black "Egri, Zsolt"]
[Result "1/2-1/2"]
[WhiteElo "1917"]
[BlackElo "1625"]
[PlyCount "34"]
[EventDate "2016.10.02"]
[EventType "team-tourn"]
[EventRounds "7"]
[EventCountry "HUN"]
[SourceTitle "EXT 2019"]
[Source "ChessBase"]
[SourceDate "2018.10.10"]
[SourceVersion "1"]
[SourceVersionDate "2018.10.10"]
[SourceQuality "1"]

1. e4 e5 2. Nf3 Nc6 3. Bc4 Bc5 4. 0-0 d6 5. Nc3 Nf6 6. d3 h6 7. a3 0-0 8. Be3 Bb6 9. Qd2 Be6 10. Nd5 Bxd5 11. exd5 Ne7 12. Nh4 Bxe3 13. fxe3 Nfxd5 14. e4 Nf4 15. Rf3 Kh7 16. Raf1 f6 17. g4 g5 1/2-1/2

[Event "HUN-chT4 Chalupetzky 1516"]
[Site "Fertoszentmiklos"]
[Date "2016.01.17"]
[Round "4.3"]
[White "Vamosi, Jozsef"]
[Black "Markus, Jozsef"]
[Result "0-1"]
[WhiteElo "1960"]
[BlackElo "1736"]
[PlyCount "84"]
[EventDate "2015.10.11"]
[EventType "team-tourn"]
[EventRounds "7"]
[EventCountry "HUN"]
[SourceTitle "EXT 2017"]
[Source "ChessBase"]
[SourceDate "2016.10.25"]
[SourceVersion "1"]
[SourceVersionDate "2016.10.25"]
[SourceQuality "1"]
[WhiteTeam "Level KSE"]
[BlackTeam "Gonyu"]
[WhiteTeamCountry "HUN"]
[BlackTeamCountry "HUN"]

1. e4 e5 2. Nf3 Nc6 3. Bc4 Be7 4. 0-0 Nf6 5. Nc3 0-0 6. d3 d6 7. h3 Na5 8. Bd5 c6 9. Bb3 Nxb3 10. axb3 h6 11. Be3 a6 12. Qd2 Be6 13. Rfd1 d5 14. exd5 cxd5 15. d4 e4 16. Ne5 Nd7 17. Qe2 Kh7 18. Qh5 Nf6 19. Qe2 Nd7 20. Rd2 f5 21. Nxd7 Qxd7 22. Bf4 g5 23. Be5 Kg6 24. f3 exf3 25. Qxf3 h5 26. Ne2 f4 27. Rf1 Rf7 28. Rd3 Raf8 29. Kh1 Bf5 30. Rd2 Be4 31. Qc3 Rc8 32. Nxf4+ gxf4 33. Qa5 Qxh3+ 34. Kg1 Qe3+ 35. Kh2 Bh4 36. Qb4 Rc6 37. c4 Bg3+ 38. Kh1 Be1 39. Rxe1 Qxe1+ 40. Kh2 Qh4+ 41. Kg1 f3 42. Rf2 Qxf2+ 0-1

[Event "HUN-chT4 1314"]
[Site "Hungary"]
[Date "2014.01.19"]
[Round "6.1"]
[White "Toth, Laszlo"]
[Black "Vamosi, Jozsef"]
[Result "0-1"]
[WhiteElo "1785"]
[BlackElo "1941"]
[PlyCount "74"]
[EventDate "2013.10.13"]
[EventType "team-tourn"]
[EventRounds "11"]
[EventCountry "HUN"]
[SourceTitle "EXT 2016"]
[Source "ChessBase"]
[SourceDate "2015.10.08"]
[SourceVersion "1"]
[SourceVersionDate "2015.10.08"]
[SourceQuality "1"]

1. d4 d5 2. c4 e6 3. Nc3 Nf6 4. Bg5 Be7 5. e3 0-0 6. Nf3 Nbd7 7. cxd5 exd5 8. Bd3 c6 9. Qc2 h6 10. Bh4 Nh5 11. Bg3 Re8 12. Nxd5 cxd5 13. Bc7 Bb4+ 14. Kf1 Qe7 15. a3 Bd6 16. Bxd6 Qxd6 17. h3 Nb6 18. Ne5 Be6 19. Qc5 Qxc5 20. dxc5 Nc4 21. Nxc4 dxc4 22. Be2 Nf6 23. Bf3 Rab8 24. g3 Rec8 25. Rc1 Rxc5 26. Kg2 Bd5 27. b4 Bxf3+ 28. Kxf3 Rc7 29. Rhd1 Kf8 30. Rc3 Ke7 31. e4 Rd8 32. Rdc1 b5 33. Ke3 Rcd7 34. f3 Rd3+ 35. Ke2 Rd2+ 36. Ke3 g5 37. f4 R8d3+ 0-1

[Event "HUN-chT4 1314"]
[Site "Hungary"]
[Date "2013.10.13"]
[Round "1.1"]
[White "Kurcsics, Mate"]
[Black "Vamosi, Jozsef"]
[Result "1/2-1/2"]
[WhiteElo "1910"]
[BlackElo "1941"]
[PlyCount "54"]
[EventDate "2013.10.13"]
[EventType "team-tourn"]
[EventRounds "11"]
[EventCountry "HUN"]
[SourceTitle "EXT 2016"]
[Source "ChessBase"]
[SourceDate "2015.10.08"]
[SourceVersion "1"]
[SourceVersionDate "2015.10.08"]
[SourceQuality "1"]

1. e4 e5 2. Nf3 Nc6 3. Bc4 Bc5 4. 0-0 Nf6 5. Nc3 0-0 6. d3 h6 7. Be3 Bb6 8. h3 d6 9. Bxb6 axb6 10. Nd2 Be6 11. f4 Bxc4 12. Nxc4 exf4 13. Rxf4 Ne5 14. Nxe5 dxe5 15. Rf5 Qd6 16. Qf3 c6 17. Rf1 b5 18. a3 b4 19. axb4 Rfe8 20. Qg3 Re6 21. Ne2 Kh7 22. d4 Nxe4 23. Qd3 exd4 24. Nxd4 Re7 25. R5f4 Rae8 26. Rxf7 Rxf7 27. Rxf7 Qxb4 1/2-1/2

[Event "HUN-chT2 Szechenyi 0910"]
[Site "Hungary"]
[Date "2009.11.08"]
[Round "1.6"]
[White "Szittar, Antal"]
[Black "Vamosi, Jozsef"]
[Result "1-0"]
[WhiteElo "2033"]
[BlackElo "1945"]
[PlyCount "123"]
[EventDate "2009.11.08"]
[EventType "team-tourn"]
[EventRounds "11"]
[EventCountry "HUN"]
[SourceTitle "EXT 2011"]
[Source "ChessBase"]
[SourceDate "2010.11.26"]
[SourceVersion "1"]
[SourceVersionDate "2010.11.26"]
[SourceQuality "1"]
[WhiteTeam "Keszthely"]
[BlackTeam "FKMK"]
[WhiteTeamCountry "HUN"]
[BlackTeamCountry "HUN"]

1. e4 e5 2. Nf3 Nc6 3. Bb5 a6 4. Ba4 Nf6 5. 0-0 b5 6. Bb3 Be7 7. d4 d6 8. c3 0-0 9. Re1 Bg4 10. d5 Na5 11. Bc2 Re8 12. Nbd2 c6 13. b4 Nc4 14. Nxc4 bxc4 15. dxc6 Qc7 16. Bg5 Bxf3 17. Qxf3 Qxc6 18. a4 Red8 19. Bxf6 Bxf6 20. Red1 Rd7 21. Rd5 h6 22. a5 Rdd8 23. Ba4 Qc7 24. Rad1 Rab8 25. g3 Be7 26. Qg4 Qc8 27. Qxc8 Rbxc8 28. Kg2 f6 29. f4 Kf7 30. Kf3 g6 31. Ke3 Ke6 32. fxe5 fxe5 33. Rf1 Rb8 34. Ke2 Rdc8 35. Rdd1 Rd8 36. Bc6 Rdc8 37. Bd5+ Kd7 38. Rf7 Rf8 39. Rdf1 Rbc8 40. Rxf8 Bxf8 41. Bb7 Rc7 42. Bxa6 Be7 43. Bb5+ Ke6 44. Ra1 d5 45. exd5+ Kxd5 46. a6 Ra7 47. Be8 g5 48. Bf7+ Kc6 49. Bxc4 Kb6 50. Bd3 Bf6 51. Rf1 Rf7 52. b5 Rf8 53. c4 Be7 54. Rxf8 Bxf8 55. Kf3 Bc5 56. h3 h5 57. Ke4 h4 58. g4 Bd4 59. Kf5 Be3 60. Kxe5 Bc5 61. Kd5 Be3 62. c5+ 1-0

[Event "HUN-chT2 Szechenyi 0708"]
[Site "Hungary"]
[Date "2008.05.18"]
[Round "11"]
[White "Babos, Zsolt"]
[Black "Vamosi, Jozsef"]
[Result "1/2-1/2"]
[WhiteElo "1856"]
[BlackElo "2042"]
[PlyCount "38"]
[EventDate "2007.10.14"]
[EventType "team"]
[EventRounds "11"]
[EventCountry "HUN"]
[SourceTitle "EXT 2009"]
[Source "ChessBase"]
[SourceDate "2008.11.26"]
[SourceVersion "1"]
[SourceVersionDate "2008.11.26"]
[SourceQuality "1"]
[WhiteTeam "Haladas III"]
[BlackTeam "Flesch"]
[WhiteTeamCountry "HUN"]
[BlackTeamCountry "HUN"]

1. d4 d5 2. Nf3 Nf6 3. g3 e6 4. Bg2 Be7 5. 0-0 0-0 6. c4 c6 7. Qc2 h6 8. b3 Nbd7 9. Rd1 Ne4 10. Nc3 Ndf6 11. Nxe4 Nxe4 12. Ne5 Nf6 13. Bb2 Bd6 14. Rac1 Qe7 15. c5 Bc7 16. b4 a6 17. a4 Bd7 18. e4 Be8 19. exd5 Nxd5 1/2-1/2

[Event "HUN-chT2 Szechenyi 0708"]
[Site "Hungary"]
[Date "2007.11.11"]
[Round "2"]
[White "Nemeth, Jozsef"]
[Black "Vamosi, Jozsef"]
[Result "1-0"]
[WhiteElo "2111"]
[BlackElo "2088"]
[PlyCount "81"]
[EventDate "2007.10.14"]
[EventType "team"]
[EventRounds "11"]
[EventCountry "HUN"]
[SourceTitle "EXT 2009"]
[Source "ChessBase"]
[SourceDate "2008.11.26"]
[SourceVersion "1"]
[SourceVersionDate "2008.11.26"]
[SourceQuality "1"]
[WhiteTeam "Zala Volan"]
[BlackTeam "Flesch"]
[WhiteTeamCountry "HUN"]
[BlackTeamCountry "HUN"]

1. d4 d5 2. c4 e6 3. Nc3 Nf6 4. cxd5 exd5 5. Bg5 Be7 6. e3 0-0 7. Bd3 c5 8. dxc5 Bxc5 9. Bxf6 Qxf6 10. Qh5 g6 11. Qxd5 Qb6 12. Qb3 Qxb3 13. axb3 Nc6 14. Na4 Bb4+ 15. Ke2 Re8 16. Nf3 Bg4 17. Kf1 a6 18. Nc3 Rad8 19. Bc4 Bxf3 20. gxf3 Rd2 21. Ne4 Rxe4 22. fxe4 Ne5 23. h3 Be7 24. f4 Nc6 25. Rg1 Rh2 26. Re1 Nb4 27. Re2 Rxh3 28. Kg2 Rh5 29. Rd1 b5 30. Bd5 Rh4 31. Rc1 Rg4+ 32. Kf3 Rh4 33. Rc7 Kf8 34. Rc8+ Kg7 35. Rc7 Kf8 36. Rc1 Rh5 37. Bb7 Rh3+ 38. Kg2 Rh5 39. Rd2 Rh4 40. Rc7 Bf6 41. e5 1-0

[Event "HUN-chT2 Szechenyi 0607"]
[Site "Hungary"]
[Date "2007.05.20"]
[Round "11"]
[White "Nagy, Gabor"]
[Black "Vamosi, Jozsef"]
[Result "1-0"]
[WhiteElo "1944"]
[BlackElo "2069"]
[PlyCount "63"]
[EventDate "2006.11.12"]
[EventType "team"]
[EventRounds "11"]
[EventCountry "HUN"]
[SourceTitle "EXT 2008"]
[Source "ChessBase"]
[SourceDate "2007.11.25"]
[SourceVersion "1"]
[SourceVersionDate "2007.11.25"]
[SourceQuality "1"]
[WhiteTeam "Sarvar"]
[BlackTeam "Flesch"]
[WhiteTeamCountry "HUN"]
[BlackTeamCountry "HUN"]

1. e4 e5 2. Nf3 Nc6 3. Bc4 Bc5 4. c3 Nf6 5. d4 exd4 6. 0-0 d6 7. cxd4 Bb6 8. h3 0-0 9. Nc3 h6 10. Bb3 Bd7 11. Re1 Ne7 12. Qd3 Qc8 13. Nh4 Kh8 14. e5 dxe5 15. dxe5 Nfg8 16. Bc2 g6 17. Ne4 Nf5 18. Nf3 Be6 19. Nf6 Nxf6 20. exf6 Qd8 21. g4 Qxf6 22. Bf4 Ng7 23. Be5 Qe7 24. Qc3 Rg8 25. Bf6 Qc5 26. Qd2 Kh7 27. Re5 Qd6 28. Ng5+ hxg5 29. Qxg5 Rh8 30. Rd1 Qb4 31. Rxe6 Nxe6 32. Qh5+ 1-0

[Event "HUN-chT2 Szechenyi 0607"]
[Site "Hungary"]
[Date "2007.05.06"]
[Round "10"]
[White "Vamosi, Jozsef"]
[Black "Foki, Robert"]
[Result "1/2-1/2"]
[WhiteElo "2069"]
[BlackElo "1898"]
[PlyCount "123"]
[EventDate "2006.11.12"]
[EventType "team"]
[EventRounds "11"]
[EventCountry "HUN"]
[SourceTitle "EXT 2008"]
[Source "ChessBase"]
[SourceDate "2007.11.25"]
[SourceVersion "1"]
[SourceVersionDate "2007.11.25"]
[SourceQuality "1"]
[WhiteTeam "Flesch"]
[BlackTeam "Arboretum"]
[WhiteTeamCountry "HUN"]
[BlackTeamCountry "HUN"]

1. e4 c5 2. c3 d5 3. e5 e6 4. d4 Nc6 5. Nf3 cxd4 6. cxd4 Bb4+ 7. Nc3 Qa5 8. Bd2 Bxc3 9. bxc3 Qa3 10. Bd3 Nb4 11. Bb5+ Nc6 12. Qc2 Bd7 13. 0-0 a6 14. Bd3 Nge7 15. Nh4 Rc8 16. Qb1 b5 17. f4 b4 18. Qb3 Qxb3 19. axb3 bxc3 20. Be3 Rb8 21. Ra3 Nb4 22. Rd1 c2 23. Rc1 Nxd3 24. Rxc2 Bb5 25. g4 h5 26. g5 Kd7 27. Bd2 Nc6 28. Be3 Ncb4 29. Re2 Nxe5 30. Rd2 Ng4 31. Bf2 Nxf2 32. Kxf2 g6 33. Nf3 Rbc8 34. h4 Nd3+ 35. Rxd3 Rc2+ 36. Rd2 Rhc8 37. Ra2 Rxa2 38. Rxa2 Rc3 39. Rb2 Ke7 40. Kg2 f6 41. Kf2 Bd3 42. b4 Bb5 43. Kg2 Rc1 44. Kf2 Bc4 45. Kg2 Bd3 46. Kf2 Rc7 47. Ke3 Bb5 48. Kd2 fxg5 49. hxg5 Kd6 50. Rc2 Rf7 51. Ke3 Rb7 52. Ne5 Ba4 53. Rc3 Rxb4 54. Nxg6 Rb3 55. Rxb3 Bxb3 56. Kd3 a5 57. Kc3 a4 58. Kb4 Bc2 59. Nh4 Ke7 60. Ka3 Kd6 61. Kb4 Kc6 62. Nf3 1/2-1/2

[Event "HUN-chT2 Szechenyi 0607"]
[Site "Hungary"]
[Date "2006.12.17"]
[Round "4"]
[White "Gyarmati, Janos"]
[Black "Vamosi, Jozsef"]
[Result "0-1"]
[WhiteElo "2038"]
[BlackElo "2069"]
[PlyCount "84"]
[EventDate "2006.11.12"]
[EventType "team"]
[EventRounds "11"]
[EventCountry "HUN"]
[SourceTitle "EXT 2008"]
[Source "ChessBase"]
[SourceDate "2007.11.25"]
[SourceVersion "1"]
[SourceVersionDate "2007.11.25"]
[SourceQuality "1"]
[WhiteTeam "Tapolca Varju"]
[BlackTeam "Flesch"]
[WhiteTeamCountry "HUN"]
[BlackTeamCountry "HUN"]

1. e4 e5 2. Nf3 Nc6 3. d4 exd4 4. Nxd4 Nf6 5. Nxc6 bxc6 6. Bd3 Bc5 7. 0-0 d6 8. h3 h6 9. Bf4 0-0 10. c3 Be6 11. Nd2 Re8 12. Nf3 Qd7 13. e5 Nd5 14. Bg3 Rab8 15. Qc2 Bxh3 16. exd6 Qg4 17. Nd4 Bxd4 18. cxd4 Bxg2 19. Kxg2 Nf4+ 20. Kg1 cxd6 21. Qd1 Qg5 22. Qf3 Nxd3 23. Qxd3 Rxb2 24. Rfe1 Rbb8 25. Rab1 Rxb1 26. Rxb1 Qg4 27. Rb7 Qh3 28. Qf1 Qg4 29. Rxa7 Qxd4 30. Ra6 Qd5 31. Kh2 Qc5 32. Qh3 Re1 33. Ra8+ Kh7 34. Qg2 Qh5+ 35. Qh3 Rh1+ 36. Kxh1 Qxh3+ 37. Kg1 d5 38. a4 d4 39. Rd8 Qg4 40. a5 Qd1+ 41. Kg2 Qa4 42. Ra8 d3 0-1

[Event "HUN-chT2 Szechenyi 0506"]
[Site "Hungary"]
[Date "2006.02.12"]
[Round "7"]
[White "Vamosi, Jozsef"]
[Black "Gaal, Ede"]
[Result "0-1"]
[WhiteElo "2096"]
[BlackElo "2072"]
[PlyCount "50"]
[EventDate "2005.10.16"]
[EventType "team"]
[EventRounds "11"]
[EventCountry "HUN"]
[SourceTitle "EXT 2009"]
[Source "ChessBase"]
[SourceDate "2008.11.26"]
[SourceVersion "1"]
[SourceVersionDate "2008.11.26"]
[SourceQuality "1"]
[WhiteTeam "Flesch"]
[BlackTeam "Lovo"]
[WhiteTeamCountry "HUN"]
[BlackTeamCountry "HUN"]

1. e4 c5 2. c3 g6 3. d4 Bg7 4. Nf3 cxd4 5. cxd4 d5 6. e5 Nh6 7. Nc3 0-0 8. Bf4 Bg4 9. Be2 Nc6 10. h3 Bxf3 11. Bxf3 Nf5 12. Bxd5 e6 13. Bxc6 bxc6 14. Ne2 Rb8 15. g4 Qd5 16. Rf1 Nh4 17. Qd3 Ng2+ 18. Kd1 Rxb2 19. Bg3 Rd8 20. f4 c5 21. Kc1 Rb4 22. Bf2 cxd4 23. Rg1 Rc4+ 24. Kd2 Qa5+ 25. Kd1 Ne3+ 0-1

[Event "HUN-chT2 Szechenyi 0506"]
[Site "Hungary"]
[Date "2005.11.13"]
[Round "3"]
[White "Hagymasi, Janos"]
[Black "Vamosi, Jozsef"]
[Result "1/2-1/2"]
[WhiteElo "2056"]
[BlackElo "2096"]
[PlyCount "124"]
[EventDate "2005.10.16"]
[EventType "team"]
[EventRounds "11"]
[EventCountry "HUN"]
[SourceTitle "EXT 2009"]
[Source "ChessBase"]
[SourceDate "2008.11.26"]
[SourceVersion "1"]
[SourceVersionDate "2008.11.26"]
[SourceQuality "1"]
[WhiteTeam "HEMO"]
[BlackTeam "Flesch"]
[WhiteTeamCountry "HUN"]
[BlackTeamCountry "HUN"]

1. e4 e5 2. Nf3 Nc6 3. Bc4 Bc5 4. d3 Nf6 5. Bg5 d6 6. h3 h6 7. Bh4 Be6 8. Bxe6 fxe6 9. 0-0 0-0 10. Nc3 g5 11. Bg3 Nh5 12. Bh2 Nf4 13. Na4 Bb6 14. Nxb6 axb6 15. Bxf4 Rxf4 16. Nd2 Qe8 17. a3 Ne7 18. g3 Rf6 19. Qg4 Qg6 20. h4 Raf8 21. hxg5 Qxg5 22. Qxg5+ hxg5 23. Kg2 g4 24. f3 gxf3+ 25. Rxf3 Rxf3 26. Nxf3 Rf6 27. Rh1 Ng6 28. Ng5 Nf8 29. Nf3 Kg7 30. Rh5 Nh7 31. Rh4 b5 32. Rg4+ Kf7 33. Rh4 Kg8 34. Rg4+ Kf7 35. d4 exd4 36. e5 Rf5 37. exd6 cxd6 38. Rxd4 Ke7 39. Rb4 Nf6 40. Nd4 Rd5 41. c3 e5 42. Nxb5 Rd2+ 43. Kf3 Rd3+ 44. Kf2 d5 45. Na7 Ne4+ 46. Ke2 Rxg3 47. Rxb7+ Ke6 48. Nc6 Nc5 49. Rb5 Na4 50. Kd2 Rg2+ 51. Kc1 Kd6 52. Nb4 Nxb2 53. Rxd5+ Ke6 54. Rc5 e4 55. Rc6+ Ke5 56. Rc5+ Ke6 57. Rb5 e3 58. Nc2 Nd3+ 59. Kb1 Rg1+ 60. Ka2 Rg2 61. Kb1 Rg1+ 62. Ka2 Rg2 1/2-1/2

[Event "HUN-chT2 Szechenyi 0304"]
[Site "Hungary"]
[Date "2004.04.04"]
[Round "10"]
[White "Csarmasz, Mate"]
[Black "Vamosi, Jozsef"]
[Result "1/2-1/2"]
[WhiteElo "2028"]
[BlackElo "1854"]
[PlyCount "25"]
[EventDate "2003.09.28"]
[EventType "team"]
[EventRounds "11"]
[EventCountry "HUN"]
[SourceTitle "EXT 2009"]
[Source "ChessBase"]
[SourceDate "2008.11.26"]
[SourceVersion "1"]
[SourceVersionDate "2008.11.26"]
[SourceQuality "1"]
[WhiteTeam "Ajka Banyasz"]
[BlackTeam "Flesch"]
[WhiteTeamCountry "HUN"]
[BlackTeamCountry "HUN"]

1. Nf3 d5 2. c4 c6 3. b3 Nf6 4. g3 g6 5. Bg2 Bg7 6. Bb2 0-0 7. 0-0 Qb6 8. Qc2 Bf5 9. d3 Nbd7 10. Nbd2 Rac8 11. Rae1 Nc5 12. Nh4 Bd7 13. e4 1/2-1/2

[Event "HUN-chT2 Szechenyi 0203"]
[Site "Hungary"]
[Date "2003.03.02"]
[Round "8"]
[White "Takacs, Tamas"]
[Black "Vamosi, Jozsef"]
[Result "1-0"]
[WhiteElo "1977"]
[BlackElo "1868"]
[PlyCount "158"]
[EventDate "2002.09.22"]
[EventType "team"]
[EventRounds "11"]
[EventCountry "HUN"]
[SourceTitle "EXT 2009"]
[Source "ChessBase"]
[SourceDate "2008.11.26"]
[SourceVersion "1"]
[SourceVersionDate "2008.11.26"]
[SourceQuality "1"]

1. e4 e5 2. Nf3 Nc6 3. Bb5 a6 4. Ba4 b5 5. Bb3 Bc5 6. 0-0 Nf6 7. d3 d6 8. h3 Na5 9. Bg5 Nxb3 10. axb3 Bb7 11. Nc3 0-0 12. Ne2 Qe7 13. Ng3 h6 14. Bd2 Bc8 15. Re1 Re8 16. b4 Bb6 17. Bc3 Bd7 18. Nh4 Nh7 19. Nhf5 Bxf5 20. Nxf5 Qf6 21. Bd2 Ng5 22. Qg4 Kh7 23. Rf1 Qg6 24. c3 Ne6 25. Qh4 Ng5 26. Kh1 Ne6 27. Ne7 Qf6 28. Qxf6 gxf6 29. Nd5 Kg7 30. Be3 Bxe3 31. fxe3 c5 32. Nxf6 Red8 33. Nd5 cxb4 34. Nxb4 Nc5 35. Rfd1 Rdc8 36. Kg1 a5 37. Nd5 Ra6 38. Kf2 Na4 39. Ra2 Nc5 40. Kf3 Ne6 41. h4 Nf8 42. Ke2 Ne6 43. Rf1 Nc5 44. Ne7 Rc7 45. Nf5+ Kh7 46. Ng3 Nb3 47. Kd1 b4 48. c4 a4 49. Rf6 Kg7 50. Nh5+ Kh7 51. g4 Nc5 52. Ke2 a3 53. Ng3 axb2 54. Rxb2 b3 55. Rf1 Ra2 56. Rfb1 Rca7 57. Kd1 Rxb2 58. Rxb2 Ra1+ 59. Kd2 Ra2 60. Kc3 Na4+ 61. Kxb3 Rxb2+ 62. Kxa4 Rd2 63. Nf5 Rxd3 64. Kb5 f6 65. Kc6 Kg6 66. Nxd6 Rxe3 67. c5 Rg3 68. Kd5 Rxg4 69. c6 Rg1 70. c7 Rd1+ 71. Ke6 Rc1 72. c8Q Rxc8 73. Nxc8 Kh5 74. Kxf6 Kxh4 75. Kxe5 Kg4 76. Ne7 h5 77. Nf5 Kg5 78. Ke6 Kf4 79. e5 Kg5 1-0